000 00402nam a2200157Ia 4500
003 Ost
005 20260225132558.0
008 260225s9999||||xx |||||||||||||| ||und||
040 _cfsic
041 _afre
082 _a5.12
100 _aMax Weber
_eAuteur
245 0 _aLe savant et le politique suivi de essai sur le sens de la neutralité a xiologique /
245 0 _cMax Weber
942 _cكتاب
999 _c34610
_d34610